00628nam a22001937a 450000500170000001000130001702000220003003500130005203700160006504000120008108200170009324501440011026000480025427000520030230000200035465000150037465000140038970000310040320170124110025.0 aB-058819 c00.00a8171416179 aB-058819 bCen Lib/Ret aDPLbEN a370.954bDEC aDecentralised management of education :cedited by Digumarti Bhaskara Raobmanagement of education in panchayati raj and municipal bodies / aNew DelhibDiscovery Publishing Housec2001 bDelhia4831/24, Ansari Road, Darya Ganje110002 a107p.c22cm(Hb) aManagement aEducation a Rao, Digumarti Bhaskara R